000 00598nam a2200217Ia 4500
005 20250508162828.0
008 008 250505s9999 xx 000 0 eng d
037 _aTextual
040 _aFEDL
_beng
_cFEDL
041 _aeng
_2eng
084 _a150.195, MAT
_qFEDL
100 _aMatte Blanco Ignacio
_9774133
245 0 _aThinking, feeling, and being
260 _aLondon, UK
_bRoutledge
_c1988
300 _axii,347p.
365 _aGBP
_b25
490 _aNew Library of Psychoanalysis
650 _aPsychology
942 _cTEXL
_h150.195, MAT
999 _c1378923
_d1378923